000 00348 a2200169 4500
001 192764
020 _a85-7311-669-2
040 _cMagnum
100 _aBelinky, Tatiana
240 1 0 _aDez sacizinhos
_lING
245 1 0 _aDez sacizinhos
300 _a14
362 0 _a1997
440 1 _aPaulinas
697 _aLITERATURA INFANTO
942 _cBK
999 _c192764
_d192764